| 000 | 00529cam a2200157 a 4500 | ||
|---|---|---|---|
| 008 | 040810s1968 cn 000 0 eng u | ||
| 035 | _aa439260 | ||
| 050 | 0 | 0 |
_aJL27 _bT78 1968 |
| 100 | 1 | _aTrudeau, Pierre Elliott | |
| 245 | 1 | 0 |
_aFederalism and the french canadians / _cPierre Elliott Trudeau ; with an introduction by John T. Saywell. |
| 260 |
_aToronto : _bMacmillan of Canada, _c1968. |
||
| 300 |
_axxvi, 212 p. ; _c20 cm. |
||
| 650 | 0 |
_aGobierno federal _zCanada |
|
| 700 | 1 | _aSaywell, John T., introd. | |
| 942 |
_2lcc _cLIB |
||
| 999 |
_c68848 _d68848 |
||